| 000 | 00815nam a2200289Ia 4500 | ||
|---|---|---|---|
| 003 | OSt | ||
| 005 | 20220928124404.0 | ||
| 006 | a|||||r|||| 00| 0 | ||
| 007 | ta | ||
| 008 | 220927b |||||||| |||| 00| 0 eng d | ||
| 020 | _c645 | ||
| 024 | _a105226 | ||
| 037 |
_b166, 05/02/2010, Capital Book Agency _cTextual |
||
| 040 |
_aSDCL _cSDCL _beng |
||
| 041 |
_2eng _aeng |
||
| 082 | _aB32, P8 | ||
| 100 |
_aWeir Maurice _9464814 |
||
| 245 | 0 | _aThomas' calculus. | |
| 250 | _a11 | ||
| 260 |
_aChennai _bPearson _c2008 |
||
| 300 |
_axvi,1228p _ccm. |
||
| 650 | _aReference | ||
| 700 |
_a Giordano Frank R _9464815 |
||
| 700 |
_a Hass Joel _9431468 |
||
| 942 |
_hB32, P8 _cTEXL _2CC |
||
| 999 |
_c777711 _d777711 |
||